[Event "Mittelrhein Regionalliga 15/16"]
[Site "Nordrheinwestfalen"]
[Date "2016.01.31"]
[Round "6.3"]
[White "Christensen, Niels"]
[Black "Schalow, Daniel"]
[Result "1/2-1/2"]
[WhiteElo "2194"]
[BlackElo "2135"]
[PlyCount "82"]
[EventDate "2015.09.27"]
[EventType "team-tourn"]
[EventRounds "9"]
[EventCountry "GER"]
[SourceTitle "EXT 2022"]
[Source "ChessBase"]
[SourceDate "2021.10.06"]
[SourceVersion "1"]
[SourceVersionDate "2021.10.06"]
[SourceQuality "1"]
[WhiteTeam "Bonn Beuel"]
[BlackTeam "Langenfeld"]
[WhiteTeamCountry "GER"]
[BlackTeamCountry "GER"]

1. d4 Nf6 2. c4 e5 3. dxe5 Ng4 4. Bf4 Nc6 5. Nf3 Bb4+ 6. Nc3 Bxc3+ 7. bxc3 Qe7 8. Qd5 h5 9. h3 Nh6 10. e3 b6 11. Bg5 Qa3 12. Qd2 Qc5 13. Be2 Ng8 14. 0-0 Nxe5 15. Nxe5 Qxe5 16. Bf4 Qc5 17. Bf3 Rb8 18. Qd4 Qxd4 19. cxd4 Kd8 20. a4 Bb7 21. Bxb7 Rxb7 22. a5 Ne7 23. axb6 axb6 24. Ra8+ Nc8 25. Kh2 Re8 26. Rfa1 d6 27. f3 f6 28. e4 Kd7 29. Kg3 c5 30. d5 b5 31. cxb5 Rxb5 32. R8a7+ Nxa7 33. Rxa7+ Kd8 34. Ra8+ Ke7 35. Bxd6+ Kf7 36. Ra7+ Kg6 37. Rc7 Ra8 38. Bxc5 Rb2 39. d6 Rd8 40. h4 Rd2 41. Re7 Rc2 1/2-1/2

[Event "Bad Godesberg op 16th"]
[Site "Bad Godesberg"]
[Date "2012.07.15"]
[Round "9"]
[White "Christensen, Niels"]
[Black "Kutzner, Stephen"]
[Result "1-0"]
[WhiteElo "2290"]
[BlackElo "2046"]
[PlyCount "33"]
[EventDate "2012.07.07"]
[EventType "swiss"]
[EventRounds "9"]
[EventCountry "GER"]
[SourceTitle "CBM 149 Extra"]
[Source "ChessBase"]
[SourceDate "2012.08.24"]
[SourceVersion "1"]
[SourceVersionDate "2012.08.24"]
[SourceQuality "1"]

1. d4 Nf6 2. c4 e6 3. Nc3 Bb4 4. Qc2 0-0 5. e4 d5 6. e5 Ne4 7. Bd3 c5 8. Nf3 cxd4 9. Nxd4 Nc5 10. Bxh7+ Kh8 11. Nf3 d4 12. 0-0 d3 13. Qd1 d2 14. Bxd2 Kxh7 15. Ng5+ Kg8 16. Qh5 Qd3 17. Nce4 1-0

[Event "BL2-Ost 1011"]
[Site "Germany"]
[Date "2011.02.06"]
[Round "6.7"]
[White "Christensen, Niels"]
[Black "Rausch, Stephan"]
[Result "1/2-1/2"]
[WhiteElo "2294"]
[BlackElo "2333"]
[PlyCount "89"]
[EventDate "2010.10.10"]
[EventType "team-tourn"]
[EventRounds "9"]
[EventCountry "GER"]
[SourceTitle "EXT 2012"]
[Source "ChessBase"]
[SourceDate "2011.11.24"]
[SourceVersion "1"]
[SourceVersionDate "2011.11.24"]
[SourceQuality "1"]
[WhiteTeam "Bayern Muenchen II"]
[BlackTeam "Leipzig Mitte"]
[WhiteTeamCountry "GER"]
[BlackTeamCountry "GER"]

1. c4 e6 2. g3 d5 3. Bg2 Nf6 4. Nf3 c6 5. Qc2 Nbd7 6. 0-0 Be7 7. d4 0-0 8. Nbd2 b6 9. e4 dxe4 10. Nxe4 Nxe4 11. Qxe4 Bb7 12. Rd1 Qc7 13. Bf4 Bd6 14. Ne5 Nxe5 15. dxe5 Be7 16. Rd3 Rad8 17. Rad1 Rxd3 18. Rxd3 Rd8 19. Rxd8+ Qxd8 20. Bf3 Qd7 21. a3 a5 22. Be3 Qd8 23. h4 h6 24. h5 Ba8 25. Kh2 Bf8 26. Bg2 Bc5 27. Bxc5 bxc5 28. Qe3 Qb6 29. Qd2 Qc7 30. f4 Bb7 31. Be4 Ba6 32. b3 Kf8 33. Bc2 Ke7 34. Qd3 Qd8 35. Qxd8+ Kxd8 36. Bd3 Ke7 37. g4 f6 38. Kg3 fxe5 39. fxe5 Bc8 40. Kf4 Bd7 41. Ke3 Kd8 42. Bg6 Kc7 43. Kd2 Kb6 44. Kc3 Ka6 45. Bf7 1/2-1/2

[Event "Cologne Ford op"]
[Site "Cologne"]
[Date "2010.05.31"]
[Round "6"]
[White "Khanukov, Boris"]
[Black "Christensen, Niels"]
[Result "0-1"]
[WhiteElo "2245"]
[BlackElo "2250"]
[PlyCount "94"]
[EventDate "2010.04.19"]
[EventType "swiss"]
[EventRounds "7"]
[EventCountry "GER"]
[SourceTitle "EXT 2011"]
[Source "ChessBase"]
[SourceDate "2010.11.26"]
[SourceVersion "1"]
[SourceVersionDate "2010.11.26"]
[SourceQuality "1"]

1. d4 d5 2. c4 c6 3. Nf3 Nf6 4. e3 Bf5 5. Nc3 e6 6. Nh4 Bg6 7. Qb3 Qb6 8. Nxg6 hxg6 9. Bd2 Qxb3 10. axb3 Nbd7 11. g3 a6 12. f3 Bd6 13. Kf2 c5 14. Be2 Rc8 15. h4 0-0 16. g4 Nb6 17. Na4 Nxa4 18. Rxa4 Rfe8 19. Rc1 Nd7 20. Raa1 e5 21. dxe5 Bxe5 22. Rc2 d4 23. e4 Bd6 24. Rd1 Rc6 25. Ba5 Bf4 26. b4 b6 27. b5 axb5 28. cxb5 Rc7 29. Be1 Ra7 30. b4 Be3+ 31. Kg3 Rea8 32. bxc5 Nxc5 33. Bb4 Ne6 34. Bd6 Ra2 35. Rxa2 Rxa2 36. Bc4 Rc2 37. Bd3 Rc3 38. Bf1 g5 39. hxg5 Nxg5 40. Bd3 Ne6 41. Bf1 g5 42. Bb4 Rc2 43. Bd6 Nf4 44. Be5 d3 45. Rxd3 Bf2+ 46. Kh2 Bd4+ 47. Kh1 Bxe5 0-1

[Event "Oberliga Bayern 0809"]
[Site "Bayern"]
[Date "2008.10.05"]
[Round "1.7"]
[White "Christensen, Niels"]
[Black "Heimrath, Reiner"]
[Result "1/2-1/2"]
[WhiteElo "2159"]
[BlackElo "2172"]
[PlyCount "107"]
[EventDate "2008.10.05"]
[EventType "team-tourn"]
[EventRounds "9"]
[EventCountry "GER"]
[SourceTitle "EXT 2020"]
[Source "ChessBase"]
[SourceDate "2019.10.17"]
[SourceVersion "1"]
[SourceVersionDate "2019.10.17"]
[SourceQuality "1"]
[WhiteTeam "Bayern Muenchen II"]
[BlackTeam "Nuernberg NT"]
[WhiteTeamCountry "GER"]
[BlackTeamCountry "GER"]

1. d4 d5 2. c4 e6 3. Nc3 Nf6 4. Nf3 a6 5. Bg5 Be7 6. e3 Nbd7 7. Qc2 0-0 8. Rc1 Re8 9. a4 c6 10. Bd3 dxc4 11. Bxc4 Nd5 12. Bxe7 Qxe7 13. 0-0 Nb4 14. Qb3 a5 15. e4 e5 16. Nxe5 Nxe5 17. dxe5 Be6 18. Bxe6 Qxe6 19. Qxe6 Rxe6 20. f4 Kf8 21. Rcd1 Na6 22. Rd4 Ree8 23. Rfd1 Rab8 24. Rd6 Nc5 25. Kf2 Rec8 26. Ke3 Ke8 27. f5 b5 28. axb5 cxb5 29. Nd5 b4 30. f6 Ne6 31. fxg7 Nxg7 32. Nf6+ Ke7 33. Rd7+ Kf8 34. Ra7 Ra8 35. Nxh7+ Kg8 36. Nf6+ Kf8 37. Rdd7 Rxa7 38. Rxa7 Rc2 39. Nd5 Ne6 40. Kf3 Nd4+ 41. Kg3 Nc6 42. Ra6 Nxe5 43. Rxa5 Rxb2 44. Rb5 b3 45. Ne3 f6 46. Nd5 Nd3 47. h4 Rb1 48. Nf4 Ne5 49. Rb8+ Kg7 50. Rb7+ Kh6 51. Nd5 b2 52. Ne3 Kg6 53. Nf5 Nd3 54. Rg7+ 1/2-1/2

[Event "Landesliga Sued 0304"]
[Site "Bayern"]
[Date "2003.12.14"]
[Round "4.1"]
[White "Christensen, Niels"]
[Black "Riediger, Martin"]
[Result "0-1"]
[WhiteElo "2161"]
[BlackElo "2241"]
[PlyCount "110"]
[EventDate "2003.10.12"]
[EventType "team-tourn"]
[EventRounds "9"]
[EventCountry "GER"]
[SourceTitle "EXT 2006"]
[Source "ChessBase"]
[SourceDate "2005.11.24"]
[SourceVersion "1"]
[SourceVersionDate "2005.11.24"]
[SourceQuality "1"]
[WhiteTeam "Bayern Muenchen II"]
[BlackTeam "Pfarrkirchen SC"]
[WhiteTeamCountry "GER"]
[BlackTeamCountry "GER"]

1. d4 Nf6 2. c4 g6 3. Nc3 d5 4. cxd5 Nxd5 5. e4 Nxc3 6. bxc3 Bg7 7. Bc4 0-0 8. Ne2 Qd7 9. h4 Qg4 10. Nf4 Qxd1+ 11. Kxd1 c5 12. Nd5 Nc6 13. dxc5 e6 14. Nc7 Rb8 15. Rb1 a6 16. Bf4 Be5 17. Bxe5 Nxe5 18. Bxa6 Rd8+ 19. Ke2 Rd7 20. Ne8 Re7 21. Nd6 Rc7 22. f4 Nd7 23. Bb5 Nxc5 24. Ne8 Re7 25. Nf6+ Kg7 26. e5 Bd7 27. h5 h6 28. Rhd1 Bxb5+ 29. Rxb5 Na4 30. Ne4 gxh5 31. Rd4 Ra8 32. Kd3 Rc7 33. c4 b6 34. Rd6 Nc5+ 35. Nxc5 bxc5 36. Rb2 Ra3+ 37. Ke4 Rc3 38. Rb8 Rxc4+ 39. Ke3 Ra7 40. Rdd8 Kg6 41. Rg8+ Kf5 42. g3 Rxa2 43. Rb3 Rca4 44. Rh8 R2a3 45. Rxa3 Rxa3+ 46. Kf2 h4 47. Rxh6 hxg3+ 48. Kg2 Kxf4 49. Rf6+ Kxe5 50. Rxf7 Re3 51. Rd7 c4 52. Rd1 c3 53. Kf1 c2 54. Rc1 Rc3 55. Ke2 Kd4 0-1